| 000 | 00660nam a2200217 a 4500 | ||
|---|---|---|---|
| 001 | 2880 | ||
| 005 | 20140414131958.0 | ||
| 008 | 051024s19uu xx 00 eng d | ||
| 020 | _a0-02-830981-2 | ||
| 050 |
_aTR 372.4 _bB35 L.3(CWA) |
||
| 100 | _aBereiter, Carl | ||
| 245 |
_aComprehension and writing assessment (blue), L.3 / _cCarl Bereiter ...(et al.). |
||
| 250 | _aTeacher's ed. | ||
| 260 |
_aColumbus, Ohio : _bSRA/McGraw-Hill, _c2000. |
||
| 300 | _a159 p. ; cm. | ||
| 440 | _aSRA Open Court Reading, Blue. | ||
| 526 | _cGrade 3 | ||
| 650 |
_aReading _xStudy and teaching. |
||
| 650 |
_aEnglish language _xStudy and teaching. |
||
| 999 |
_c112997 _d112997 |
||